000 00823nam a22002177a 4500
003 UA-OsUOA
001 75972
007 ta
008 20110607b un ||||| |||| 00| 0 ukr d
100 _aПетухов И.А.
090 _a659
_bП31
942 _cSA
040 _aUA-OsUOA
_brus
_cUA-OsUOA
_dUA-OsUOA
245 _aРасширение взаимодействия с потребителем в современной рекламе
300 _aС.111
955 _a0
041 _arus
080 _a659
773 0 _w75968
_tВестник Московского университета. Серия 10. Журналистика
_dМ.
_d2010
_g5
650 7 _a659 Реклама. Система інформації. Громадська інформація та реклама (Паблик-Рилейшнз)
_2UDC
999 _c362267
_d362267